000 00605nam a2200229Ia 4500
003 OSt
005 20250828153506.0
008 210210b2011 xxu||||| |||| 00| 0 eng d
020 _a9788127258160
040 _cAL
041 _aeng
082 _a658.1511 GUPP
100 _aShashi K Gupta
_9237319
245 _aPactical problems in management accounting and financial management Ed 5
250 _a5
260 _aLudhiana
_bKalyani Publishers
_c2011
300 _aviii,687p
690 _aManagement Accounting
_9237320
700 _aSharma, R K
_9237321
906 _a066591
942 _2ddc
_cBK
999 _c148074
_d148074